Prc̀tico Sociedades Mercantiles

Bibliographic Details
Main Author: Faus, Manuel
Format: eBook
Language:Spanish
Published: Barcelona: Vlex, 2014
Subjects:
Online Access:Acceso restringido

MARC

LEADER 00000nam a22000007a 4500
005 20140819115413.0
007 cr|||| ||||
008 140819s2014 es |||||s|||| 00||0 spa d
035 |a 6537 
040 |a vLex 
090 |c 5115  |d 5115 
100 1 |a Faus, Manuel 
245 1 0 |a Prc̀tico Sociedades Mercantiles  |h [Recurso electrn̤ico] /  |c Manuel Faus 
256 |a Servicio en ln̕ea 
260 |a Barcelona:  |b Vlex,  |c 2014 
300 |a 1 recurso electrn̤ico 
500 |a Los principales aspectos del derecho de sociedades y su problemt̀ica jurd̕ica. En este manual encontrar ̀respuestas precisas a todos los eventos relativos a la vida de una sociedad. Gua̕ prc̀tica complementada con la mejor seleccin̤ de recursos legales para contextualizar y ampliar el marco de los temas. 
506 1 |a Disponible solo en los productos indicados  |d vLex Global  |d vLex Global (Academic Edition, excluding Law Schools)  |d vLex Global (U.S. Academic Edition, Law Schools)  |d vLex Global (U.S. Academic Edition, excluding Law Schools)  |d vLex Global (Academic Edition, Law Schools) 
650 0 4 |a Derecho Mercantil y de la Empresa  |z Espaą 
740 0 |a vLex Libros (Servicio en ln̕ea) 
856 4 0 |u http://app.vlex.com/#ES.sociedades/browse  |z Acceso restringido 
942 |c BOOK 
999 0 |a Commercial Law and Business